000
00233 a2200097 4500
001
26413
100
_a
Punjab university
245
_a
Urdu encychpacdia of Islam Vol XVI/17
260
_a
_b
Punjab university
_c
090
_c
17750
_d
17750
942
_a
NUST-CAE
_c
M
_c
8614
999
_c
261486
_d
261486